00718nam a2200205 4500999001500000001000600015003000900021005001700030008004100047040003800088082002400126245006900150260004500219300002200264505001200286650004400298700003100342942001200373952012700385 c1842d184219495BD-DhUAP20200217105116.0200217s2005 bg mx p w 0 a0eng d aBD-DhAALcBD-DhAALbEngdBD-DhUAP00223a340.5492115 BAN00aBangladesh legal decision /cedited by Shirin Sharmin Chaudhury. aDhaka :bBangladesh Bar Council,cc2005. avolumes ;c26 cm. aV. 25-- aLawxPsychological aspectszBangladesh. aChaudhury, Shirin Sharmin. 2ddccBK 00102ddc4070aUAPCLbUAPCLcGeneral Stacksd2020-02-17o340.5492115 BAN V-25p3010009585r2020-02-17t1w2020-02-17yBK